| 000 | 00500nac a22001451u 4500 | ||
|---|---|---|---|
| 008 | 081020s1981 xxu||||| |||| 00| 0 ara d | ||
| 020 | _a9777257813 | ||
| 082 |
_a250 _bح س ا |
||
| 245 |
_aالمدخل لدراسة الفقه الإسلامي / _cحسين حامد حسان |
||
| 260 |
_aالقاهرة : _bالطوبجى للطباعة والنشر ،1978 _c1978. |
||
| 300 |
_a479 ص ؛ _c24 سم. |
||
| 511 | _aCatalogued by: Sara | ||
| 650 |
_aالحسبة _920654 |
||
| 942 |
_cBB _k250 ح س ا _2ddc |
||
| 999 |
_c6235 _d6235 |
||